000 00438nab a2200145Ia 4500
003 ES-SlBCS
005 20210601124931.0
008 140529s1987 xxu||||| |||| 00| 0 eng d
041 _aeng
100 1 _aOaklander, L. Nathan
_9151622
245 0 0 _aParfit, Circularity, and the Unity of Consciousness
_c L. Nathan Oaklander
650 0 4 _aIdentidad Personal
_9132090
773 0 _tMind
_gvol. 96, 1987, págs. 525-529
_wRev1408
942 _cAR
999 _c521966
_d521966